ბათუმის შოთა რუსთაველის სახელმწიფო უნივერსიტეტის ბიბლიოთეკა

გამოძიების პროცესუალური დოკუმენტების ნიმუშები : (ბიბ.ჩანაწერი № 53846)

000 -ლიდერი
ფიქსირებული სიგრძის საკონტროლო ველი 01358nam a2200265Ia 4500
001 - საკონტროლო ნომერი
საკონტროლო ველი 20897
003 - საკონტროლო ნომრის იდენტიფიკატორი
საკონტროლო ველი GE_BSU
005 - ბოლო ოპერაციის თარიღი და დრო
საკონტროლო ველი 20210614164138.0
008 - ფიქსირებული სიგრძის მონაცემთა ელემენტები - ზოგადი ინფორმაცია
ფიქსირებული სიგრძის საკონტროლო ველი 181216s2013||||ge |||||||||||||| ||geo||
020 ## - წიგნის საერთაშორისო სტანდარტული ნომერი
International Standard Book Number 9789941033735
040 ## - კატალოგიზაციის წყარო
Transcribing agency GE_BSU
041 ## - ენის კოდი
Language code of text/sound track or separate title geo
080 ## - უნივერსალური ათობითი კლასიფიკაციის ინდექსი
Universal Decimal Classification number 343.141 ლ-81
100 ## - მთავარი ჩანაწერი - პიროვნების სახელი
Personal name ლომსაძე, მალხაზ
9 (RLIN) 562
245 ## - ცნობა სათაურის შესახებ
Title გამოძიების პროცესუალური დოკუმენტების ნიმუშები :
Remainder of title ახალი სისხლის სამართლის საპროცესო კოდექსის მიხედვით /
Statement of responsibility, etc მალხაზ ლომსაძე ; [წინათქმა ოთარ გამყრელიძე].
250 ## - გამოცემის ცნობა
Edition statement მე-3 შესწორებული და გადამუშავებული გამოცემა
264 ## - წარმოების, გამოცემის, დისტრიბუციის და სხვა ცნობები
გამოცემის, წარმოების, დისტრიბუციის... ადგილი თბილისი :
გამოცემის, წარმოების, დისტრიბუციის... სახელწოდება ბონა კაუზა,
გამოცემის, წარმოების, დისტრიბუციის... თარიღი 2013.
300 ## - ფიზიკური აღწერა
Extent 195 გვ. ;
Dimensions 20 სმ.
490 ## - სერიის ცნობა
Series statement იურისტის ბიბლიოთეკა
504 ## - BIBLIOGRAPHY, ETC. NOTE
Bibliography, etc ბიბლიოგრაფია გვ. : 191-195
653 ## - INDEX TERM--UNCONTROLLED
Uncontrolled term გამოძიების პროცესუალური დოკუმენტები
653 ## - INDEX TERM--UNCONTROLLED
Uncontrolled term სამართალი
942 ## - ADDED ENTRY ELEMENTS (KOHA)
Koha item type წიგნი
Source of classification or shelving scheme
ეგზემპლარები
ჩამოწერის სტატუსი დაკარგული ეგზემპლარის სტატუსი კლასიფიკაციის წყარო ან თაროზე გაწყობის სქემა დაზიანების სტატუსი არ გაიცემა მუდმივი მდებარეობა (დაცვის ადგილი) ამჟამინდელი ადგილსამყოფელი თაროზე განთავსების ადგილი შეძენის თარიღი ღირებულება, შესყიდვის ნორმალური ფასი სრული შენახვის შიფრი შტრიხკოდი ბოლო ოპერაციის თარიღი ეგზემპლარის მიმდევრობითი ნომერი (კეტერი?) ფასის ძალაში შესვლის თარიღი ეგზემპლარის სახეობა საჯარო შენიშვნა
          ბათუმის შოთა რუსთაველის სახელმწიფო უნივერსიტეტის მთავარი ბიბლიოთეკა ბათუმის შოთა რუსთაველის სახელმწიფო უნივერსიტეტის მთავარი ბიბლიოთეკა წიგნსაცავი 2018-12-17 9.00 343.141 ლ-81 54478 2018-12-17 54478 2018-12-17 წიგნი 9.00 ₾.
          ბათუმის შოთა რუსთაველის სახელმწიფო უნივერსიტეტის მთავარი ბიბლიოთეკა ბათუმის შოთა რუსთაველის სახელმწიფო უნივერსიტეტის მთავარი ბიბლიოთეკა წიგნსაცავი 2018-12-17 9.00 343.141 ლ-81 54479 2018-12-17 54479 2018-12-17 წიგნი 9.00 ₾.